Economic policy coordination : Requiem or prologue?
Uloženo v:
| Hlavní autor: | |
|---|---|
| Médium: | Kniha |
| Jazyk: | Undetermined |
| Vydáno: |
Washington, D.C.
Institute for International Economics
1991
|
| Témata: | |
| Tagy: |
Přidat tag
Žádné tagy, Buďte první, kdo otaguje tento záznam!
|
| Thư viện lưu trữ: | Trung tâm Học liệu Trường Đại học Cần Thơ |
|---|
| LEADER | 00543nam a2200181Ia 4500 | ||
|---|---|---|---|
| 001 | CTU_79303 | ||
| 008 | 210402s9999 xx 000 0 und d | ||
| 082 | |a 338.9 | ||
| 082 | |b D635 | ||
| 100 | |a Dobson, Wendy | ||
| 245 | 0 | |a Economic policy coordination : | |
| 245 | 0 | |b Requiem or prologue? | |
| 245 | 0 | |c Wendy Dobson | |
| 260 | |a Washington, D.C. | ||
| 260 | |b Institute for International Economics | ||
| 260 | |c 1991 | ||
| 650 | |a Economic policy,International economic relations | ||
| 980 | |a Trung tâm Học liệu Trường Đại học Cần Thơ | ||